Histoire politique de la Ve République : De 1958 à nos jours (notice n° 2198507)

détails MARC
000 -LEADER
fixed length control field 01416cam a2200133 4500500
005 - DATE AND TIME OF LATEST TRANSACTION
control field 20260405085545.0
041 ## - LANGUAGE CODE
Language code of text/sound track or separate title fre
042 ## - AUTHENTICATION CODE
Authentication code dc
100 10 - MAIN ENTRY--PERSONAL NAME
Personal name Bernard, Mathias
Relator term author
245 00 - TITLE STATEMENT
Title Histoire politique de la Ve République : De 1958 à nos jours
260 ## - PUBLICATION, DISTRIBUTION, ETC.
Name of publisher, distributor, etc. Armand Colin,<br/>
Date of publication, distribution, etc. 2008.<br/>
520 ## - SUMMARY, ETC.
Summary, etc. La Ve République est née en réaction à une crise institutionnelle profonde et dans le contexte de la guerre d’Algérie, et a vu ses traits définitifs fixés par la pratique gaulliste du pouvoir. Sa longévité n’avait rien d’assuré, et cependant elle a survécu aux évolutions politiques et sociales lourdes qui ont suivi, crises (mai 1968), alternances (mai 1981), réveil des partis ou mutations internationales (disparition de l’URSS). Cette synthèse propose à la fois un récit des grandes phases de l’histoire politique de la « Cinquième » et une description détaillée des diverses facettes de la vie politique et de son évolution. Idées, discours et pratiques politiques, action gouvernementale, phénomènes médiatiques et résultats électoraux, personnel politique et mouvements de l’opinion sont mis en relation pour mieux comprendre les relations complexes et fluctuantes entretenues par les Français avec leur système politique.
856 41 - ELECTRONIC LOCATION AND ACCESS
Uniform Resource Identifier <a href="https://shs.cairn.info/histoire-politique-de-la-v-e-republique--9782200346935?lang=fr&redirect-ssocas=7080">https://shs.cairn.info/histoire-politique-de-la-v-e-republique--9782200346935?lang=fr&redirect-ssocas=7080</a>

Pas d'exemplaire disponible.

PLUDOC

PLUDOC est la plateforme unique et centralisée de gestion des bibliothèques physiques et numériques de Guinée administré par le CEDUST. Elle est la plus grande base de données de ressources documentaires pour les Étudiants, Enseignants chercheurs et Chercheurs de Guinée.

Adresse

627 919 101/664 919 101

25 boulevard du commerce
Kaloum, Conakry, Guinée

Réseaux sociaux

Powered by Netsen Group @ 2025